Geology and coal resources of the Coos Bay quadrangle, Oregon, (Record no. 28008)

MARC details
000 -LEADER
fixed length control field 01398cam a22003491 4500
001 - CONTROL NUMBER
control field gs 45000007
003 - CONTROL NUMBER IDENTIFIER
control field DLC
005 - DATE AND TIME OF LATEST TRANSACTION
control field 20260227111350.0
008 - FIXED-LENGTH DATA ELEMENTS--GENERAL INFORMATION
fixed length control field 780808s1944 oruab b s001 0 eng c
010 ## - LIBRARY OF CONGRESS CONTROL NUMBER
LC control number gs 45000007
035 ## - SYSTEM CONTROL NUMBER
System control number (OCoLC)4120253
040 ## - CATALOGING SOURCE
Original cataloging agency U. S. Geol. Survey. Libr.
Transcribing agency NcRS
Modifying agency NcRS
-- DLC
042 ## - AUTHENTICATION CODE
Authentication code premarc
043 ## - GEOGRAPHIC AREA CODE
Geographic area code n-us-or
045 ## - TIME PERIOD OF CONTENT
Time period code x4x4
050 00 - LIBRARY OF CONGRESS CALL NUMBER
Classification number QE155
Item number .A3 no. 27
082 ## - DEWEY DECIMAL CLASSIFICATION NUMBER
Classification number 553.2
100 1# - MAIN ENTRY--PERSONAL NAME
Personal name Allen, John Eliot,
Dates associated with a name 1908-
245 10 - TITLE STATEMENT
Title Geology and coal resources of the Coos Bay quadrangle, Oregon,
Statement of responsibility, etc. by John Eliot Allen and Ewart M. Baldwin.
260 ## - PUBLICATION, DISTRIBUTION, ETC.
Place of publication, distribution, etc. [Portland,
Date of publication, distribution, etc. 1944]
300 ## - PHYSICAL DESCRIPTION
Extent viii, 160 p.
Other physical details illus., maps (4 in pocket)
Dimensions 28 cm.
490 0# - SERIES STATEMENT
Series statement Oregon. State Dept. of Geology and Mineral Industries. Bulletin
Volume/sequential designation no. 27
500 ## - GENERAL NOTE
General note "Report of investigation concerning the development of coal production in the Coos Bay region of Oregon, by M. D. Curran": p. 141-149.
500 ## - GENERAL NOTE
General note "Distribution of Foraminifera in the coastal section, by Mildred Reichers": p. 150.
504 ## - BIBLIOGRAPHY, ETC. NOTE
Bibliography, etc. note Bibliography: p. 151-153.
650 #0 - SUBJECT ADDED ENTRY--TOPICAL TERM
Topical term or geographic name entry element Geology
Geographic subdivision Oregon
-- Coos Bay quadrangle.
650 #0 - SUBJECT ADDED ENTRY--TOPICAL TERM
Topical term or geographic name entry element Coal
Geographic subdivision Oregon
-- Coos Bay quadrangle.
650 #0 - SUBJECT ADDED ENTRY--TOPICAL TERM
Topical term or geographic name entry element Coal mines and mining
Geographic subdivision Oregon
-- Coos Bay quadrangle.
700 1# - ADDED ENTRY--PERSONAL NAME
Personal name Baldwin, Ewart Merlin,
Dates associated with a name 1915-
Relator term joint author.
700 1# - ADDED ENTRY--PERSONAL NAME
Personal name Curran, Maurice Donovan,
Dates associated with a name 1893-
Relator term joint author.
700 1# - ADDED ENTRY--PERSONAL NAME
Personal name Reichers, Mildred.

No items available.

Powered by Koha